Champions du monde copilote de WRC - Statistiques

Statistiques générales
  • Ce quiz a été pris 13 fois
  • Le résultat moyen est 21 sur 46
Statistiques - réponses
Année Pilote champion Co-pilote champion Nationalité du copilote % Correct
2004 Sébastien Loeb Daniel Elena Monégasque
100%
2005 Sébastien Loeb Daniel Elena Monégasque
100%
2006 Sébastien Loeb Daniel Elena Monégasque
100%
2007 Sébastien Loeb Daniel Elena Monégasque
100%
2008 Sébastien Loeb Daniel Elena Monégasque
100%
2009 Sébastien Loeb Daniel Elena Monégasque
100%
2010 Sébastien Loeb Daniel Elena Monégasque
100%
2011 Sébastien Loeb Daniel Elena Monégasque
100%
2012 Sébastien Loeb Daniel Elena Monégasque
100%
2013 Sébastien Ogier Julien Ingrassia Français
67%
2014 Sébastien Ogier Julien Ingrassia Français
67%
2015 Sébastien Ogier Julien Ingrassia Français
67%
2016 Sébastien Ogier Julien Ingrassia Français
67%
2017 Sébastien Ogier Julien Ingrassia Français
67%
2018 Sébastien Ogier Julien Ingrassia Français
67%
2020 Sébastien Ogier Julien Ingrassia Français
67%
2021 Sébastien Ogier Julien Ingrassia Français
67%
2019 Ott Tänak Martin Jarveoja Estonien
50%
1990 Carlos Sainz Sr. Luis Moya Espagnol
33%
1992 Carlos Sainz Sr. Luis Moya Espagnol
33%
2003 Petter Solberg Phil Mills Britannique
33%
1995 Colin McRae Derek Ringer Britannique
25%
2022 Kalle Rovanperä Jonne Halttunen Finlandais
25%
2023 Kalle Rovanperä Jonne Halttunen Finlandais
25%
2001 Richard Burns Robert Reid Britannique
25%
2000 Marcus Grönholm Timo Rautiainen Finlandais
25%
2002 Marcus Grönholm Timo Rautiainen Finlandais
25%
1983 Hannu Mikkola Arne Hertz Suédois
17%
1994 Didier Auriol Bernard Occelli Français
17%
1984 Stig Blomqvist Bjorn Cederberg Suédois
17%
1980 Walter Röhrl Christian Geistdorfer Allemand
17%
1982 Walter Röhrl Christian Geistdorfer Allemand
17%
1993 Juha Kankkunen Daniel Grataloup Français
17%
1981 Ari Vatanen David Richards Britannique
17%
1979 Björn Waldegård Hans Thorszelius Suédois
17%
1986 Juha Kankkunen Juha Piironen Finlandais
17%
1987 Juha Kankkunen Juha Piironen Finlandais
17%
1991 Juha Kankkunen Juha Piironen Finlandais
17%
2024 Thierry Neuville Martijn Wydaeghe Belge
17%
1998 Tommi Mäkinen Risto Mannisenmaki Finlandais
17%
1999 Tommi Mäkinen Risto Mannisenmaki Finlandais
17%
1985 Timo Salonen Seppo Harjanne Finlandais
17%
1996 Tommi Mäkinen Seppo Harjanne Finlandais
17%
1997 Tommi Mäkinen Seppo Harjanne Finlandais
17%
1988 Massimo Biasion Tiziano Siviero Italien
17%
1989 Massimo Biasion Tiziano Siviero Italien
17%
Aucun quiz correspondant
Distribution des résultats
% des personnes avec chaque résultat
Percentile par nombre de réponses
Votre historique - résultats
Vous n’avez pas pris ce quiz